000 01407nam a2200265 a 4500
999 _c197
_d197
003 AR-BaISA
005 20190206162027.0
007 ta
008 031030s2003 sp ado ||| ||spa d
020 _a8481746835
020 _a9788481746835
040 _cAR-BaISA
082 0 4 _222
_a616.075 Se42m
130 0 0 _aMosby's guide to physical examination
_lEspañol
245 0 0 _aManual "Mosby" de exploración física
_h[Texto impreso] /
_cHenry M. Seidel ... [et al.]
250 _a5ª ed.
260 _aMadrid:
_bElsevier,
_c2003
300 _aXVI, 1014 p.:
_bil. col. y n., gráf., fot.;
_c28 cm
504 _aBibliografía p: [902]-908
505 _tAnamnesis --
_tConocimiento de la diversidad cultural --
_tTécnicas y equipo de exploración --
_tEstado mental --
_tEl crecimiento y su evaluación --
_tNutrición --
_tPiel, pelo y uñas --
_tSistema linfático --
_tCabeza y cuello --
_tOjos --
_tOídos, nariz y garganta --
_tTórax y pulmones --
_tCorazón --
_tVasos sanguíneos --
_tMamas y axilas --
_tAbdomen --
_tGenitales femeninos --
_tAno, recto y próstata --
_tAparato locomotor --
_tSistema nervioso --
_tRecopilación general --
_tRazonamiento crítico --
_tRegistro de la información --
_tEmergencias o situaciones potencialmente mortales
650 1 4 _aExploración clínica
_9472
650 1 4 _aDiagnóstico clínico
_9469
700 1 _aSeidel, Henry M.
_9473
942 _2ddc
_cLI